Football players starting with the letter N - Statistics

General Stats
  • This quiz has been taken 79 times
  • The average score is 11 of 16
Answer Stats
Picture Answer % Correct
Neymar
99%
Manuel Neuer
97%
Keylor Navas
93%
Nani
89%
Pavel Nedvěd
86%
Samir Nasri
83%
Nacho
81%
Gary Neville
80%
Radja Nainggolan
73%
Darwin Núñez
70%
Tanguy Ndombele
67%
David Neres
64%
Neto
54%
Reiss Nelson
39%
Andries Noppert
31%
Abdelhak Nouri
30%
No matching quizzes found
Score Distribution
Percent of People with Each Score
Percentile by Number Answered
Your Score History
You have not taken this quiz